=LDR 00000nam 2200000 4500 =001 000682 =005 20250711023228 =035 ##$$a 0010-0725000550 =007 ta =008 250711################a##########0#ind## =020 ##$$a 978-623-307-597-8 =082 ##$$a 398.209 598 =084 ##$$a 398.209 598 CHE k =100 #$$a Cheh, Komar Rien Komar =245 1#$$a Kami Senang Bepergian /$c Komar Rien Komar Cheh =250 ##$$a Cetakan Pertama =260 ##$$a Jakarta Timur :$b Badan Pengembangan dan Pembinaan Bahasa,$c 2024 =300 ##$$a 20 hlm. : $b ilus. ; $c 22,9 cm =650 #4$$a Cerita Anak Indonesia-Terjemahan =650 #4$$a Literasi-Bahan Bacaan =856 ##$$a TBM As Suhada =990 ##$$a TBM04570457